000 00884cam a2200145ua 4500
041 _aeng
_h
082 _a627.833
_bIND/GI
110 1 _aIndian standards institution .
_bISI
_c()
245 _aGlossary of terms relating to river valley projects /
_cIndian standards institution.
_hTextual Documents
260 _a :
_bISI ,
_c1980.
300 _a33 ; .
504 _a
942 _cBK
999 _c4352
_d4352